[Event "POL-chT3 Dolnoslaskie 1617"]
[Site "Poland"]
[Date "2017.01.22"]
[Round "6.10"]
[White "Szewczyk, Jacek"]
[Black "Skubis, Feliks"]
[Result "1-0"]
[WhiteElo "2102"]
[BlackElo "1734"]
[PlyCount "103"]
[EventDate "2016.10.16"]
[EventType "team-tourn"]
[EventRounds "11"]
[EventCountry "POL"]
[SourceTitle "EXT 2018"]
[Source "ChessBase"]
[SourceDate "2017.10.13"]
[SourceVersion "1"]
[SourceVersionDate "2017.10.13"]
[SourceQuality "1"]

1. e4 e5 2. Nf3 Nc6 3. Bc4 Nf6 4. d4 exd4 5. e5 d5 6. Bb5 Ne4 7. Nxd4 Bd7 8. Bxc6 bxc6 9. 0-0 Bc5 10. f3 Ng5 11. f4 Ne4 12. Be3 0-0 13. Nd2 Nxd2 14. Qxd2 Bb6 15. Nb3 Bf5 16. Bc5 Rb8 17. Qc3 Qe7 18. Kh1 Bxc5 19. Nxc5 a5 20. a3 Rb5 21. b4 Rfb8 22. Rab1 h5 23. Rb2 Kh7 24. Qd4 axb4 25. axb4 g6 26. Ra1 Qh4 27. c3 Qe7 28. Rba2 h4 29. h3 Qd8 30. Ra7 Qc8 31. Kh2 Qd8 32. R1a6 R5b6 33. Ra5 Rb5 34. Ra1 Qc8 35. Qf2 Qd8 36. Nb3 R5b6 37. Nd4 Be4 38. R1a5 Bf5 39. Rc5 Bd7 40. Nf3 Kg7 41. Nxh4 Ra8 42. Rca5 Rxa7 43. Rxa7 Qb8 44. Ra5 Qd8 45. Qd4 Be6 46. Ra7 Qb8 47. Ra1 Qd8 48. Nf3 Rb8 49. Qc5 Qd7 50. Nd4 Rh8 51. Qxc6 Bxh3 52. Qf6+ 1-0

[Event "POL-chT3 Dolnoslaskie 1617"]
[Site "Poland"]
[Date "2017.01.08"]
[Round "5.15"]
[White "Skubis, Feliks"]
[Black "Perdek, Miroslaw"]
[Result "0-1"]
[WhiteElo "1734"]
[BlackElo "2220"]
[PlyCount "62"]
[EventDate "2016.10.16"]
[EventType "team-tourn"]
[EventRounds "11"]
[EventCountry "POL"]
[SourceTitle "EXT 2018"]
[Source "ChessBase"]
[SourceDate "2017.10.13"]
[SourceVersion "1"]
[SourceVersionDate "2017.10.13"]
[SourceQuality "1"]

1. e4 c5 2. Nf3 e6 3. d4 cxd4 4. Nxd4 Nf6 5. Nc3 d6 6. Be3 a6 7. Be2 Be7 8. 0-0 0-0 9. Qd2 Qc7 10. Kh1 Nc6 11. f4 Nxd4 12. Bxd4 b5 13. e5 Ne8 14. a3 Bb7 15. Bf3 g6 16. Ne4 dxe5 17. Bxe5 Qc4 18. b3 Qc8 19. Bb2 f6 20. Rad1 Bc6 21. Qe2 Ng7 22. Nd6 Qc7 23. Bxc6 Qxc6 24. Ne4 Rac8 25. Rd2 Kf7 26. Rfd1 Rfd8 27. Rxd8 Rxd8 28. Rxd8 Bxd8 29. Qd3 Be7 30. h3 Nh5 31. Bc1 Qxe4 0-1

[Event "POL-chT3 Dolnoslaskie 1617"]
[Site "Poland"]
[Date "2016.10.16"]
[Round "1.26"]
[White "Skubis, Feliks"]
[Black "Balinski, Damian"]
[Result "0-1"]
[WhiteElo "1734"]
[BlackElo "2168"]
[PlyCount "38"]
[EventDate "2016.10.16"]
[EventType "team-tourn"]
[EventRounds "11"]
[EventCountry "POL"]
[SourceTitle "EXT 2018"]
[Source "ChessBase"]
[SourceDate "2017.10.13"]
[SourceVersion "1"]
[SourceVersionDate "2017.10.13"]
[SourceQuality "1"]

1. e4 c5 2. Nf3 Nc6 3. d4 cxd4 4. Nxd4 g6 5. Nc3 Bg7 6. Be3 Nf6 7. f3 0-0 8. Qd2 d5 9. exd5 Nxd5 10. Nxd5 Qxd5 11. Nxc6 Qxc6 12. 0-0-0 Be6 13. Kb1 Rfc8 14. Bd3 Qa4 15. a3 Rc3 16. Bb5 Qxb5 17. Qd8+ Rxd8 18. Rxd8+ Bf8 19. Bh6 Rc8 0-1